000
00290nam a2200121Ia 4500
008
191201s2017 xx 000 0 und d
100
_a
KHANNA, O.P
245
0
_a
Material Science & Metallurgy
250
_a
Rep
260
_c
2017
_b
Dhanpat Rai
_a
NEW DELHI
300
_a
MISC
942
_2
ddc
_c
BK
999
_c
8157
_d
8157